Chọn nghề trắc nghiệm tâm lý
Sách giúp bạn trắc nghiệm bản thân qua tính cách, khí chất, hứng thú, năng lực và tổng hợp nghề nghiệp để bạn có thể hiểu đúng đắn và chọn cho mình một ngành nghề phù hợp với bản thân.
Guardat en:
| Autor principal: | |
|---|---|
| Format: | Llibre |
| Idioma: | Undetermined |
| Publicat: |
Đồng Nai
Nhà xuất bản Đồng Nai
2009
|
| Matèries: | |
| Etiquetes: |
Afegir etiqueta
Sense etiquetes, Sigues el primer a etiquetar aquest registre!
|
| Thư viện lưu trữ: | Trung tâm Học liệu Trường Đại học Cần Thơ |
|---|
| LEADER | 00890nam a2200205Ia 4500 | ||
|---|---|---|---|
| 001 | CTU_159170 | ||
| 008 | 210402s9999 xx 000 0 und d | ||
| 020 | |c 40000 | ||
| 082 | |a 331.702 | ||
| 082 | |b Qu600 | ||
| 100 | |a Quý Long | ||
| 245 | 0 | |a Chọn nghề trắc nghiệm tâm lý | |
| 245 | 0 | |c Quý Long | |
| 260 | |a Đồng Nai | ||
| 260 | |b Nhà xuất bản Đồng Nai | ||
| 260 | |c 2009 | ||
| 520 | |a Sách giúp bạn trắc nghiệm bản thân qua tính cách, khí chất, hứng thú, năng lực và tổng hợp nghề nghiệp để bạn có thể hiểu đúng đắn và chọn cho mình một ngành nghề phù hợp với bản thân. | ||
| 650 | |a Professional education,Phylosophy | ||
| 904 | |i Ánh Vân (Bé Ba), Bạch Trúc | ||
| 980 | |a Trung tâm Học liệu Trường Đại học Cần Thơ | ||